Understanding Comparative Public Administration (Record no. 3018)

MARC details
000 -LEADER
fixed length control field 00366nam a22001337a 4500
008 - FIXED-LENGTH DATA ELEMENTS--GENERAL INFORMATION
fixed length control field 250416b |||||||| |||| 00| 0 eng d
020 ## - INTERNATIONAL STANDARD BOOK NUMBER
ISBN 9783771681
100 ## - MAIN ENTRY--AUTHOR
Author Ujo A. Abdulhameed
245 ## - TITLE STATEMENT
Title Understanding Comparative Public Administration
260 ## - PUBLICATION, DISTRIBUTION, ETC. (IMPRINT)
Place of publication Kaduna
Name of publisher Joyce Graphic Printer & Publishers
Date of publication 2008
300 ## - COLLATION
Pagination 177p.
942 ## - ADDED ENTRY ELEMENTS (KOHA)
Item type Books
050 ## - LIBRARY OF CONGRESS CALL NUMBER
Classification number JF 51
Item number .U36
Holdings
Source of classification or shelving scheme Not for loan Permanent location Current location Date acquired Accession No. Full call number Barcode. Koha item type
Library of Congress Classification   Samuel Ogbemudia Main Library, University of Abuja Samuel Ogbemudia Main Library, University of Abuja 04/16/2025 2014/AC/44145 JF 51.U36 2025-1411 Books